'90s American TV A-Z Quiz Stats

 Plays Quiz Updated May 23, 2018

Score 0/26 Timer 07:00
6 Plays Today
% Correct
Buffy the Vampire Slayer
95.4%
ER
94.5%
Frasier
90.8%
Seinfeld
90.7%
The X-Files
89.9%
Roseanne
88.2%
Married…with Children
85.2%
Ally McBeal
84.9%
The Wonder Years
76.3%
The View
72.9%
Dinosaurs
71.9%
Quantum Leap
63.5%
Just Shoot Me!
61.7%
% Correct
In Living Color
59.8%
Kenan & Kel
52.9%
Twin Peaks
50.9%
Caroline in the City
50.5%
The Larry Sanders Show
49.8%
Unsolved Mysteries
45%
Party of Five
43.3%
Grace Under Fire
42.7%
Oz
42.4%
Northern Exposure
37.9%
Homicide: Life on the Street
33.2%
The Young Indiana Jones Chronicles
16.3%
Zoboomafoo
12.6%

You're not logged in!

Compare scores with friends on all Sporcle quizzes.
OR
Log In

Sporcle TV

Today on Sporcle TV


Watch our educational content, quiz creation guides, and fun videos on Sporcle TV.

Show Comments

Extras

Top Quizzes Today


Score Distribution

Your Account Isn't Verified!

In order to create a playlist on Sporcle, you need to verify the email address you used during registration. Go to your Sporcle Settings to finish the process.

Report this User

Report this user for behavior that violates our Community Guidelines.

Details: